| 000 | 00847nam a2200217 a 4500 | ||
|---|---|---|---|
| 003 | 0 | ||
| 005 | 20250421092824.0 | ||
| 008 | 970114s19uu xx 00 eng d | ||
| 050 |
_aPGS SF 523 _b.T915 2003 |
||
| 100 | _aTugade, Demsey M. | ||
| 245 |
_aAwareness of selected grade VI students of Southville International School on the importance of beekeeping (SY 2002-2003) / _cDemsey M. Tugade. |
||
| 260 |
_aLas PiƱas City, Philippines : _bSouthville International School and Colleges, _c2003. |
||
| 300 |
_a21 pages : _billustrations ; _c28 cm. |
||
| 504 | _aIncludes bibliographic references. | ||
| 650 |
_aBeekeeping _vJuvenile literature. |
||
| 650 | _aPollination by bees. | ||
| 650 |
_aHoneybee products _vHealth aspects. |
||
| 650 |
_aPollination _vEnvironmental aspects. |
||
| 650 |
_aBees _vEcological aspects. |
||
| 942 |
_2lcc _cPASS |
||
| 999 |
_c96931 _d96931 |
||